[Event "Team women final 2016"]
[Site "Sochi"]
[Date "2016.05.05"]
[Round "5.15"]
[White "Belenkaya, Dina"]
[Black "Sazonova, Anastasia"]
[Result "1-0"]
[LiveChessVersion "1.4.4"]
[BlackElo "2085"]
[WhiteElo "2289"]
[BlackTeam "Bukavushki"]
[WhiteTeam "SDUSSHOR"]

1. e4 {[%clk 1:30:57]} e6 {[%clk 1:30:40]} 2. d4 {[%clk 1:31:20]} d5
{[%clk 1:30:59]} 3. Nd2 {[%clk 1:31:45]} Nf6 {[%clk 1:31:14]} 4. e5
{[%clk 1:31:43]} Nfd7 {[%clk 1:31:32]} 5. Bd3 {[%clk 1:31:59]} c5
{[%clk 1:31:50]} 6. c3 {[%clk 1:32:14]} Nc6 {[%clk 1:32:05]} 7. Ne2
{[%clk 1:32:26]} cxd4 {[%clk 1:32:06]} 8. cxd4 {[%clk 1:32:45]} f6
{[%clk 1:32:24]} 9. exf6 {[%clk 1:32:59]} Nxf6 {[%clk 1:32:41]} 10. Nf3
{[%clk 1:33:08]} Bd6 {[%clk 1:32:38]} 11. O-O {[%clk 1:33:22]} Qc7
{[%clk 1:32:52]} 12. Nc3 {[%clk 1:22:43]} a6 {[%clk 1:30:56]} 13. h3
{[%clk 1:22:42]} O-O {[%clk 1:30:50]} 14. Be3 {[%clk 1:22:34]} Bd7
{[%clk 1:30:03]} 15. Rc1 {[%clk 1:22:36]} Rae8 {[%clk 1:26:03]} 16. a3
{[%clk 1:16:27]} Qb8 {[%clk 1:17:48]} 17. Bb1 {[%clk 1:14:27]} Re7
{[%clk 1:14:59]} 18. Qd2 {[%clk 0:55:14]} Be8 {[%clk 1:05:32]} 19. Ne1
{[%clk 0:48:23]} Nh5 {[%clk 1:00:32]} 20. Nd3 {[%clk 0:46:31]} Bg6
{[%clk 0:52:52]} 21. Ne2 {[%clk 0:42:26]} Nf6 {[%clk 0:47:15]} 22. f4
{[%clk 0:35:54]} Ne4 {[%clk 0:45:57]} 23. Qe1 {[%clk 0:33:12]} Ref7
{[%clk 0:44:08]} 24. b4 {[%clk 0:29:13]} Kh8 {[%clk 0:33:17]} 25. Nc5
{[%clk 0:28:08]} Bxc5 {[%clk 0:31:01]} 26. bxc5 {[%clk 0:23:04]} e5
{[%clk 0:29:17]} 27. dxe5 {[%clk 0:21:36]} Nxe5 {[%clk 0:28:12]} 28. Bd4
{[%clk 0:16:44]} Nc4 {[%clk 0:26:45]} 29. Bxe4 {[%clk 0:10:01]} Bxe4
{[%clk 0:25:52]} 30. Qc3 {[%clk 0:09:51]} Qc7 {[%clk 0:22:31]} 31. Ng3
{[%clk 0:07:40]} Bf5 {[%clk 0:21:15]} 32. Nxf5 {[%clk 0:07:27]} Rxf5
{[%clk 0:21:18]} 33. Rce1 {[%clk 0:07:32]} Kg8 {[%clk 0:20:32]} 34. g3
{[%clk 0:05:58]} R5f7 {[%clk 0:19:16]} 35. Re6 {[%clk 0:05:28]} Re7
{[%clk 0:17:17]} 36. Rxe7 {[%clk 0:04:29]} Qxe7 {[%clk 0:17:29]} 37. Re1
{[%clk 0:03:48]} Qd7 {[%clk 0:16:49]} 38. Re2 {[%clk 0:01:17]} Rf7
{[%clk 0:08:01]} 39. Qf3 {[%clk 0:01:29]} Kf8 {[%clk 0:05:01]} 40. Qh5
{[%clk 0:30:56]} h6 {[%clk 0:32:21]} 41. Qg6 {[%clk 0:23:57]} Re7
{[%clk 0:16:37]} 42. c6 {[%clk 0:21:04]} Qd6 {[%clk 0:08:56]} 43. Bxg7+
{[%clk 0:20:35]} 1-0

[Event "Team women final 2016"]
[Site "Sochi"]
[Date "2016.05.05"]
[Round "5.16"]
[White "Nasybullina, Alfia"]
[Black "Styazhkina, Anna"]
[Result "0-1"]
[LiveChessVersion "1.4.4"]
[BlackElo "2302"]
[WhiteElo "2151"]
[BlackTeam "SDUSSHOR"]
[WhiteTeam "Bukavushki"]

1. d4 {[%clk 1:30:58]} d5 {[%clk 1:30:47]} 2. c4 {[%clk 1:31:17]} c6
{[%clk 1:31:06]} 3. cxd5 {[%clk 1:31:42]} cxd5 {[%clk 1:31:27]} 4. Bf4
{[%clk 1:32:06]} Nf6 {[%clk 1:31:42]} 5. e3 {[%clk 1:32:17]} Nc6 {[%clk 1:31:45]}
6. Nc3 {[%clk 1:32:36]} Bg4 {[%clk 1:31:42]} 7. Qb3 {[%clk 1:32:57]} Na5
{[%clk 1:31:49]} 8. Qa4+ {[%clk 1:33:18]} Bd7 {[%clk 1:32:10]} 9. Qc2
{[%clk 1:33:40]} Rc8 {[%clk 1:32:02]} 10. Bd3 {[%clk 1:33:39]} e6
{[%clk 1:32:04]} 11. Nf3 {[%clk 1:33:41]} b5 {[%clk 1:31:24]} 12. a3
{[%clk 1:34:01]} Be7 {[%clk 1:28:41]} 13. O-O {[%clk 1:32:35]} O-O
{[%clk 1:24:08]} 14. Qe2 {[%clk 1:30:46]} a6 {[%clk 1:23:17]} 15. Ne5
{[%clk 1:27:10]} Nc4 {[%clk 1:22:01]} 16. Nd1 {[%clk 1:21:32]} h6
{[%clk 1:02:53]} 17. h3 {[%clk 1:13:34]} Bc6 {[%clk 0:52:36]} 18. a4
{[%clk 1:00:28]} Bb4 {[%clk 0:41:50]} 19. Nc3 {[%clk 0:58:23]} Qb6
{[%clk 0:33:09]} 20. Na2 {[%clk 0:46:43]} Be7 {[%clk 0:31:11]} 21. Rfc1
{[%clk 0:31:43]} Bb7 {[%clk 0:27:40]} 22. axb5 {[%clk 0:28:48]} axb5
{[%clk 0:27:50]} 23. Nc3 {[%clk 0:27:44]} Ba6 {[%clk 0:13:09]} 24. g4
{[%clk 0:18:47]} Bd6 {[%clk 0:11:05]} 25. b3 {[%clk 0:15:24]} Na5
{[%clk 0:08:09]} 26. g5 {[%clk 0:09:34]} hxg5 {[%clk 0:08:19]} 27. Bxg5
{[%clk 0:09:57]} Ne4 {[%clk 0:01:50]} 28. Nxe4 {[%clk 0:05:44]} dxe4
{[%clk 0:01:57]} 29. Bxe4 {[%clk 0:06:02]} Nxb3 {[%clk 0:01:25]} 30. Rxc8
{[%clk 0:04:19]} Bxc8 {[%clk 0:01:27]} 31. Rb1 {[%clk 0:03:56]} f5
{[%clk 0:01:05]} 32. Bd3 {[%clk 0:03:35]} Bxe5 {[%clk 0:00:48]} 33. Rxb3
{[%clk 0:02:01]} Bd6 {[%clk 0:00:53]} 34. Rxb5 {[%clk 0:00:49]} Qc6
{[%clk 0:01:05]} 35. Qb2 {[%clk 0:00:46]} Qf3 {[%clk 0:00:36]} 36. Bf1
{[%clk 0:00:42]} Bd7 {[%clk 0:00:54]} 37. Qb3 {[%clk 0:00:38]} Bxb5
{[%clk 0:00:43]} 38. Qxe6+ {[%clk 0:00:56]} Kh7 {[%clk 0:00:56]} 39. Bxb5
{[%clk 0:01:08]} Bg3 {[%clk 0:00:48]} 40. Qa2 {[%clk 0:30:47]} Bb8
{[%clk 0:30:37]} 41. Bf1 {[%clk 0:27:48]} Qh5 {[%clk 0:27:44]} 42. Be7
{[%clk 0:24:23]} Qg6+ {[%clk 0:24:49]} 43. Bg2 {[%clk 0:21:16]} Re8
{[%clk 0:24:07]} 44. Bb4 {[%clk 0:18:27]} f4 {[%clk 0:17:48]} 45. Qe2
{[%clk 0:15:48]} Re6 {[%clk 0:08:21]} 46. Bd2 {[%clk 0:07:05]} f3
{[%clk 0:02:52]} 0-1

[Event "Team women final 2016"]
[Site "Sochi"]
[Date "2016.05.07"]
[Round "6.1"]
[White "Ubiennykh, Ekaterina"]
[Black "Bodnaruk, Anastasia"]
[Result "1/2-1/2"]
[LiveChessVersion "1.4.4"]
[BlackElo "2475"]
[WhiteElo "2307"]
[BlackTeam "SDUSSHOR"]
[WhiteTeam "Boavishta"]

1. d4 {[%clk 1:30:56]} Nf6 {[%clk 1:30:54]} 2. c4 {[%clk 1:31:19]} e6
{[%clk 1:31:20]} 3. Nc3 {[%clk 1:31:44]} Bb4 {[%clk 1:31:41]} 4. e3
{[%clk 1:32:09]} O-O {[%clk 1:31:43]} 5. Bd3 {[%clk 1:32:27]} d5 {[%clk 1:31:32]}
6. Nf3 {[%clk 1:32:50]} c5 {[%clk 1:31:39]} 7. O-O {[%clk 1:33:13]} Nc6
{[%clk 1:31:37]} 8. a3 {[%clk 1:33:35]} Bxc3 {[%clk 1:31:10]} 9. bxc3
{[%clk 1:33:59]} dxc4 {[%clk 1:30:46]} 10. Bxc4 {[%clk 1:34:23]} Qc7
{[%clk 1:30:55]} 11. h3 {[%clk 1:34:32]} e5 {[%clk 1:24:15]} 12. Ba2
{[%clk 1:34:48]} Bf5 {[%clk 1:20:00]} 13. d5 {[%clk 1:28:15]} Rad8
{[%clk 1:19:03]} 14. Qe2 {[%clk 1:27:34]} Ne7 {[%clk 1:02:08]} 15. c4
{[%clk 1:25:32]} Ng6 {[%clk 1:00:13]} 16. Nd2 {[%clk 1:16:28]} h5
{[%clk 0:47:33]} 17. Bb2 {[%clk 1:15:40]} Rfe8 {[%clk 0:43:33]} 18. e4
{[%clk 1:13:20]} Bc8 {[%clk 0:38:22]} 19. Nf3 {[%clk 1:12:25]} Nh7
{[%clk 0:32:34]} 20. Rad1 {[%clk 1:09:26]} Qe7 {[%clk 0:27:49]} 21. Qe3
{[%clk 1:08:30]} b6 {[%clk 0:26:55]} 22. Bb3 {[%clk 1:08:21]} Rd6
{[%clk 0:24:31]} 23. Rd2 {[%clk 1:05:57]} Bd7 {[%clk 0:19:26]} 24. Bc3
{[%clk 1:06:01]} f6 {[%clk 0:17:55]} 25. Rb1 {[%clk 1:05:00]} Ng5
{[%clk 0:16:15]} 26. Nh2 {[%clk 1:02:51]} f5 {[%clk 0:10:24]} 27. exf5
{[%clk 0:59:33]} Bxf5 {[%clk 0:10:53]} 28. Re1 {[%clk 0:57:05]} Ne4
{[%clk 0:07:46]} 29. Bc2 {[%clk 0:53:39]} Nxd2 {[%clk 0:07:56]} 30. Bxf5
{[%clk 0:54:00]} Nb3 {[%clk 0:04:14]} 31. Be6+ {[%clk 0:49:17]} Rxe6
{[%clk 0:03:58]} 32. dxe6 {[%clk 0:49:35]} Nd4 {[%clk 0:02:25]} 33. Qe4
{[%clk 0:44:34]} Qxe6 {[%clk 0:02:47]} 34. Bxd4 {[%clk 0:44:54]} cxd4
{[%clk 0:03:14]} 35. Nf3 {[%clk 0:44:28]} Rf8 {[%clk 0:00:36]} 36. Qxd4
{[%clk 0:36:56]} Rxf3 {[%clk 0:00:38]} 37. gxf3 {[%clk 0:34:10]} Qxh3
{[%clk 0:01:07]} 38. Qd5+ {[%clk 0:18:07]} Kh7 {[%clk 0:01:34]} 39. Qd3
{[%clk 0:12:50]} Kh6 {[%clk 0:01:39]} 40. Qd6 {[%clk 0:36:24]} Kh7
{[%clk 0:32:04]} 41. Qd3 {[%clk 0:35:10]} Kh6 {[%clk 0:30:28]} 42. Qd6
{[%clk 0:35:02]} Kh7 {[%clk 0:26:23]} 43. Qd3 {[%clk 0:35:21]} Kh6
{[%clk 0:26:49]} 44. Qd6 Kg5 1/2-1/2

[Event "Team women final 2016"]
[Site "Sochi"]
[Date "2016.05.07"]
[Round "6.2"]
[White "Ovod, Evgenija"]
[Black "Tomilova, Elena"]
[Result "1/2-1/2"]
[LiveChessVersion "1.4.4"]
[BlackElo "2305"]
[WhiteElo "2329"]
[BlackTeam "Boavishta"]
[WhiteTeam "SDUSSHOR"]

1. d4 {[%clk 1:30:57]} d5 {[%clk 1:30:53]} 2. c4 {[%clk 1:31:21]} c6
{[%clk 1:31:19]} 3. cxd5 {[%clk 1:31:46]} cxd5 {[%clk 1:31:45]} 4. Bf4
{[%clk 1:32:11]} Nf6 {[%clk 1:31:39]} 5. e3 {[%clk 1:32:33]} Nc6 {[%clk 1:32:03]}
6. Nc3 {[%clk 1:32:56]} a6 {[%clk 1:32:17]} 7. Bd3 {[%clk 1:33:19]} e6
{[%clk 1:30:10]} 8. Nf3 {[%clk 1:33:39]} Bd6 {[%clk 1:30:20]} 9. O-O
{[%clk 1:32:36]} O-O {[%clk 1:27:17]} 10. Rc1 {[%clk 1:29:40]} h6
{[%clk 1:24:56]} 11. Bb1 {[%clk 1:26:39]} Bxf4 {[%clk 1:16:17]} 12. exf4
{[%clk 1:27:05]} Bd7 {[%clk 1:16:27]} 13. Re1 {[%clk 1:20:28]} Rc8
{[%clk 1:13:06]} 14. Na4 {[%clk 1:14:50]} a5 {[%clk 1:08:04]} 15. a3
{[%clk 0:57:45]} Na7 {[%clk 1:04:27]} 16. Nc5 {[%clk 0:55:51]} b6
{[%clk 1:04:21]} 17. Nd3 {[%clk 0:53:31]} Nb5 {[%clk 0:59:52]} 18. Nde5
{[%clk 0:46:36]} Nd6 {[%clk 0:50:55]} 19. Qb3 {[%clk 0:45:32]} Rc7
{[%clk 0:42:53]} 20. Nxd7 {[%clk 0:29:14]} Nxd7 {[%clk 0:41:47]} 21. Ne5
{[%clk 0:29:38]} Nxe5 {[%clk 0:34:02]} 22. fxe5 {[%clk 0:29:33]} Rxc1
{[%clk 0:27:28]} 23. Rxc1 {[%clk 0:29:59]} Qg5 {[%clk 0:26:14]} 24. Rf1
{[%clk 0:30:03]} Nc4 {[%clk 0:24:23]} 25. f4 {[%clk 0:28:38]} Qd8
{[%clk 0:17:17]} 26. Rf2 {[%clk 0:23:58]} g6 {[%clk 0:16:01]} 27. Bd3
{[%clk 0:14:47]} Qc7 {[%clk 0:15:54]} 28. Qc2 {[%clk 0:07:37]} Rc8
{[%clk 0:15:07]} 29. Qc1 {[%clk 0:04:25]} a4 {[%clk 0:10:31]} 30. f5
{[%clk 0:04:45]} exf5 {[%clk 0:10:29]} 31. Qxh6 {[%clk 0:05:11]} Na5
{[%clk 0:10:26]} 32. Rc2 {[%clk 0:02:19]} Qd7 {[%clk 0:09:06]} 33. Bb5
{[%clk 0:02:14]} Qd8 {[%clk 0:09:18]} 34. Bxa4 {[%clk 0:01:04]} Rxc2
{[%clk 0:08:06]} 35. Bxc2 {[%clk 0:01:32]} Qc8 {[%clk 0:06:57]} 36. Bd3
{[%clk 0:01:46]} Qc6 {[%clk 0:05:01]} 37. Qe3 {[%clk 0:00:34]} Kg7
{[%clk 0:03:57]} 38. h4 {[%clk 0:00:56]} Qa4 {[%clk 0:04:14]} 39. Be2
{[%clk 0:00:23]} Nc6 {[%clk 0:03:45]} 40. b4 {[%clk 0:31:07]} Qc2
{[%clk 0:33:27]} 41. e6 {[%clk 0:22:20]} f4 {[%clk 0:24:26]} 42. Qxf4
{[%clk 0:22:36]} Qxe2 {[%clk 0:23:50]} 43. Qxf7+ {[%clk 0:22:57]} Kh6
{[%clk 0:24:02]} 44. Qf4+ {[%clk 0:23:11]} Kg7 {[%clk 0:24:02]} 45. Qf7+
{[%clk 0:23:17]} Kh6 {[%clk 0:24:26]} 46. Qf4+ {[%clk 0:23:37]} Kg7
{[%clk 0:24:49]} 1/2-1/2

[Event "Team women final 2016"]
[Site "Sochi"]
[Date "2016.05.07"]
[Round "6.3"]
[White "Drozdova, Dina"]
[Black "Belenkaya, Dina"]
[Result "1/2-1/2"]
[LiveChessVersion "1.4.4"]
[BlackElo "2289"]
[WhiteElo "2235"]
[BlackTeam "SDUSSHOR"]
[WhiteTeam "Boavishta"]

1. d4 {[%clk 1:30:53]} d5 {[%clk 1:30:55]} 2. c4 {[%clk 1:31:15]} dxc4
{[%clk 1:31:20]} 3. e3 {[%clk 1:31:36]} Nf6 {[%clk 1:31:23]} 4. Nf3
{[%clk 1:31:54]} e6 {[%clk 1:31:43]} 5. Bxc4 {[%clk 1:32:12]} a6 {[%clk 1:32:10]}
6. O-O {[%clk 1:31:59]} c5 {[%clk 1:32:34]} 7. Bd3 {[%clk 1:31:25]} Nbd7
{[%clk 1:27:43]} 8. Qe2 {[%clk 1:26:37]} b6 {[%clk 1:27:36]} 9. Rd1
{[%clk 1:26:28]} Bb7 {[%clk 1:27:51]} 10. Nc3 {[%clk 1:22:52]} Qb8
{[%clk 1:27:24]} 11. h3 {[%clk 1:18:35]} Bd6 {[%clk 1:27:10]} 12. b3
{[%clk 1:14:12]} O-O {[%clk 1:22:58]} 13. Bb2 {[%clk 1:11:23]} cxd4
{[%clk 1:08:00]} 14. exd4 {[%clk 1:10:46]} Ra7 {[%clk 0:55:38]} 15. Ne4
{[%clk 0:58:22]} Nxe4 {[%clk 0:53:22]} 16. Bxe4 {[%clk 0:56:07]} Bxe4
{[%clk 0:53:24]} 17. Qxe4 {[%clk 0:56:30]} Nf6 {[%clk 0:51:25]} 18. Qd3
{[%clk 0:55:14]} Rc8 {[%clk 0:37:38]} 19. Rac1 {[%clk 0:54:20]} Bf4
{[%clk 0:35:57]} 20. Rxc8+ {[%clk 0:34:09]} Qxc8 {[%clk 0:36:24]} 21. g3
{[%clk 0:34:35]} Bh6 {[%clk 0:33:12]} 22. Ne5 {[%clk 0:34:14]} Rc7
{[%clk 0:32:00]} 23. Re1 {[%clk 0:29:21]} Nd5 {[%clk 0:30:59]} 24. a4
{[%clk 0:23:09]} Nb4 {[%clk 0:21:37]} 25. Qf3 {[%clk 0:22:02]} Nd5
{[%clk 0:19:14]} 26. Qd3 {[%clk 0:14:20]} Bg5 {[%clk 0:18:45]} 27. Nc4
{[%clk 0:13:57]} Be7 {[%clk 0:17:43]} 28. Ne3 {[%clk 0:14:09]} Nxe3
{[%clk 0:11:32]} 29. Rxe3 {[%clk 0:13:51]} Bf6 {[%clk 0:11:21]} 30. Re2
{[%clk 0:13:54]} h6 {[%clk 0:10:20]} 31. Kg2 {[%clk 0:08:56]} b5 {[%clk 0:08:03]}
32. axb5 {[%clk 0:07:49]} Qb7+ {[%clk 0:08:29]} 33. Kg1 {[%clk 0:06:00]} Qxb5
{[%clk 0:05:39]} 34. Qxb5 {[%clk 0:05:30]} axb5 {[%clk 0:06:07]} 35. Kg2
{[%clk 0:05:49]} b4 {[%clk 0:04:26]} 36. h4 {[%clk 0:04:31]} h5 {[%clk 0:04:05]}
37. Kf3 {[%clk 0:04:47]} Kf8 {[%clk 0:04:22]} 38. Ke4 {[%clk 0:04:34]} Ke7
{[%clk 0:04:41]} 39. Rd2 {[%clk 0:02:37]} Kd6 {[%clk 0:04:30]} 40. Re2
{[%clk 0:31:27]} g6 {[%clk 0:30:52]} 41. Ba1 {[%clk 0:21:46]} Rc1
{[%clk 0:18:27]} 42. Bb2 {[%clk 0:17:24]} Rc8 {[%clk 0:16:36]} 1/2-1/2

[Event "Team women final 2016"]
[Site "Sochi"]
[Date "2016.05.07"]
[Round "6.4"]
[White "Balaian, Alina"]
[Black "Fatianova, Tatiana"]
[Result "1-0"]
[WhiteElo "2230"]
[BlackElo "2225"]
[PlyCount "69"]
[EventDate "2016.??.??"]
[WhiteTeam "SDUSSHOR"]
[BlackTeam "Boavishta"]
[TimeControl "6000+810"]
[WhiteClock "0:37:06"]
[BlackClock "0:00:47"]

1. e4 c6 2. d4 d5 3. f3 e6 4. Nc3 Bb4 5. a3 Bxc3+ 6. bxc3 dxe4 7. Qe2 exf3 8.
Nxf3 Nf6 9. Qe3 Qa5 10. Bd2 Nbd7 11. Bd3 O-O 12. O-O Qh5 13. Ng5 h6 14. Ne4 Ng4
15. Qg3 Kh8 16. h3 Ngf6 17. Nd6 Ne8 {[#]} 18. Nxf7+ Qxf7 (18... Rxf7 19. Bg6
Rxf1+ 20. Rxf1 Qe2 21. Bxh6 gxh6 22. Rf7) 19. Rxf7 Rxf7 20. Qg6 Kg8 21. Qh7+
Kf8 22. Bg6 Ndf6 23. Qh8+ Ke7 24. Bxf7 Kxf7 25. Rf1 a5 26. g4 b6 27. h4 Ke7 28.
g5 hxg5 29. hxg5 Nd7 30. Qg8 Bb7 31. Rf7+ Kd8 32. Rxg7 c5 33. Rh7 Kc7 34. Qxe6
Bc6 35. Bf4+ 1-0

[Event "Team women final 2016"]
[Site "Sochi"]
[Date "2016.05.07"]
[Round "6.5"]
[White "Galliamova, Alisa"]
[Black "Goryachkina, Aleksandra"]
[Result "1/2-1/2"]
[LiveChessVersion "1.4.4"]
[BlackElo "2485"]
[WhiteElo "2475"]
[BlackTeam "University"]
[WhiteTeam "Ladya"]

1. Nf3 {[%clk 1:30:54]} d5 {[%clk 1:30:38]} 2. g3 {[%clk 1:31:09]} g6
{[%clk 1:30:34]} 3. Bg2 {[%clk 1:31:19]} Bg7 {[%clk 1:30:56]} 4. d4
{[%clk 1:31:41]} Nf6 {[%clk 1:30:46]} 5. O-O {[%clk 1:28:09]} O-O
{[%clk 1:30:48]} 6. c4 {[%clk 1:28:28]} c6 {[%clk 1:30:43]} 7. Qb3
{[%clk 1:25:40]} a5 {[%clk 1:25:58]} 8. cxd5 {[%clk 1:22:32]} a4 {[%clk 1:24:19]}
9. Qd1 {[%clk 1:22:19]} cxd5 {[%clk 1:23:28]} 10. Nc3 {[%clk 1:22:30]} Ne4
{[%clk 1:13:20]} 11. Ne5 {[%clk 1:02:30]} Nxc3 {[%clk 1:08:23]} 12. bxc3
{[%clk 1:02:55]} Nc6 {[%clk 1:06:44]} 13. f4 {[%clk 0:50:46]} Bf5
{[%clk 1:01:22]} 14. Ba3 {[%clk 0:47:47]} Qa5 {[%clk 0:53:25]} 15. Nxc6
{[%clk 0:41:38]} bxc6 {[%clk 0:53:29]} 16. Bb4 {[%clk 0:41:02]} Qb5
{[%clk 0:51:12]} 17. Bf3 {[%clk 0:35:57]} Rfe8 {[%clk 0:48:38]} 18. Qd2
{[%clk 0:30:59]} Rab8 {[%clk 0:45:37]} 19. a3 {[%clk 0:26:46]} e6
{[%clk 0:41:38]} 20. Rac1 {[%clk 0:22:21]} h5 {[%clk 0:31:40]} 21. Qa2
{[%clk 0:16:52]} Bf8 {[%clk 0:29:10]} 22. c4 {[%clk 0:16:19]} Qa6
{[%clk 0:27:02]} 23. c5 {[%clk 0:14:08]} Bg4 {[%clk 0:26:14]} 24. Kg2
{[%clk 0:10:40]} Bxf3+ {[%clk 0:23:57]} 25. exf3 {[%clk 0:10:08]} Qd3
{[%clk 0:21:05]} 26. Rfd1 {[%clk 0:09:15]} Qf5 {[%clk 0:21:06]} 27. Re1
{[%clk 0:07:44]} Bg7 {[%clk 0:18:56]} 28. Qd2 {[%clk 0:08:02]} Rb5
{[%clk 0:18:35]} 29. Re3 {[%clk 0:07:26]} Reb8 {[%clk 0:17:30]} 30. Re2
{[%clk 0:05:21]} R8b7 {[%clk 0:15:42]} 31. Rce1 {[%clk 0:05:05]} Qf6
{[%clk 0:14:03]} 32. Rd1 {[%clk 0:05:26]} Qf5 {[%clk 0:13:55]} 33. Rde1
{[%clk 0:05:45]} Kh7 {[%clk 0:13:00]} 34. Rd1 {[%clk 0:04:26]} Rb8
{[%clk 0:12:51]} 35. Rde1 {[%clk 0:04:32]} Qf6 {[%clk 0:11:54]} 36. Rd1
{[%clk 0:04:46]} Qd8 {[%clk 0:10:09]} 37. Kh1 {[%clk 0:03:16]} R8b7
{[%clk 0:07:34]} 38. Rb1 {[%clk 0:02:46]} Qh8 {[%clk 0:06:05]} 39. Rd1
{[%clk 0:03:00]} Qb8 {[%clk 0:05:27]} 40. Rb1 {[%clk 0:33:11]} Qh8
{[%clk 0:34:16]} 41. Rd1 {[%clk 0:30:44]} Qb8 {[%clk 0:30:20]} 42. Rb1
{[%clk 0:19:37]} Qh8 {[%clk 0:27:11]} 1/2-1/2

[Event "Team women final 2016"]
[Site "Sochi"]
[Date "2016.05.07"]
[Round "6.6"]
[White "Zhukova, Natalia"]
[Black "Ambartsumova, Karina"]
[Result "1/2-1/2"]
[LiveChessVersion "1.4.4"]
[BlackElo "2307"]
[WhiteElo "2489"]
[BlackTeam "Ladya"]
[WhiteTeam "University"]

1. d4 {[%clk 1:30:57]} d5 {[%clk 1:30:43]} 2. c4 {[%clk 1:31:12]} e6
{[%clk 1:31:04]} 3. Nf3 {[%clk 1:31:19]} Nf6 {[%clk 1:31:20]} 4. Bg5
{[%clk 1:31:24]} Be7 {[%clk 1:30:25]} 5. Qc2 {[%clk 1:31:00]} O-O
{[%clk 1:24:55]} 6. Nc3 {[%clk 1:30:00]} dxc4 {[%clk 1:23:32]} 7. e4
{[%clk 1:26:44]} Nc6 {[%clk 1:18:10]} 8. Rd1 {[%clk 1:21:20]} b5 {[%clk 1:10:01]}
9. Nxb5 {[%clk 1:14:24]} Nb4 {[%clk 1:08:34]} 10. Qb1 {[%clk 1:11:59]} Nd3+
{[%clk 1:06:01]} 11. Bxd3 {[%clk 1:11:34]} cxd3 {[%clk 1:06:25]} 12. Nc3
{[%clk 1:09:33]} Ba6 {[%clk 0:57:00]} 13. O-O {[%clk 1:04:57]} d2
{[%clk 0:43:40]} 14. Rxd2 {[%clk 1:05:15]} Bxf1 {[%clk 0:44:04]} 15. Qxf1
{[%clk 1:05:40]} h6 {[%clk 0:43:18]} 16. Bf4 {[%clk 1:03:09]} c6 {[%clk 0:38:44]}
17. Qc1 {[%clk 0:50:29]} Bb4 {[%clk 0:32:00]} 18. Re2 {[%clk 0:34:15]} Be7
{[%clk 0:19:41]} 19. Rd2 {[%clk 0:27:09]} Bb4 {[%clk 0:18:49]} 20. Re2
{[%clk 0:27:24]} Be7 {[%clk 0:19:11]} 21. Rd2 {[%clk 0:27:16]} 1/2-1/2

[Event "Team women final 2016"]
[Site "Sochi"]
[Date "2016.05.07"]
[Round "6.7"]
[White "Markelova, Lubov"]
[Black "Stetsko, Lanita"]
[Result "1/2-1/2"]
[LiveChessVersion "1.4.4"]
[BlackElo "2220"]
[WhiteElo "2059"]
[BlackTeam "University"]
[WhiteTeam "Ladya"]

1. Nf3 {[%clk 1:30:57]} Nf6 {[%clk 1:30:28]} 2. c4 {[%clk 1:31:17]} e6
{[%clk 1:30:39]} 3. d4 {[%clk 1:31:27]} d5 {[%clk 1:30:50]} 4. Nc3
{[%clk 1:31:49]} Bb4 {[%clk 1:30:55]} 5. Qa4+ {[%clk 1:31:49]} Nc6
{[%clk 1:30:57]} 6. e3 {[%clk 1:31:33]} O-O {[%clk 1:26:17]} 7. Qc2
{[%clk 1:31:09]} b6 {[%clk 1:24:24]} 8. a3 {[%clk 1:28:05]} Bxc3+
{[%clk 0:57:37]} 9. Qxc3 {[%clk 1:28:30]} Ba6 {[%clk 0:47:02]} 10. b4
{[%clk 1:17:09]} Bxc4 {[%clk 0:42:15]} 11. Bxc4 {[%clk 1:17:23]} dxc4
{[%clk 0:42:41]} 12. Qxc4 {[%clk 1:17:13]} Qd5 {[%clk 0:32:34]} 13. Qxd5
{[%clk 1:14:40]} exd5 {[%clk 0:32:49]} 14. Bd2 {[%clk 1:01:27]} Ne7
{[%clk 0:31:38]} 15. Rc1 {[%clk 0:58:49]} Rac8 {[%clk 0:29:51]} 16. Ne5
{[%clk 0:50:58]} c6 {[%clk 0:23:15]} 17. f3 {[%clk 0:46:18]} Rfd8
{[%clk 0:22:14]} 18. Ke2 {[%clk 0:42:37]} Ne8 {[%clk 0:21:47]} 19. Rc2
{[%clk 0:35:24]} f6 {[%clk 0:21:35]} 20. Nd3 {[%clk 0:35:49]} Nd6
{[%clk 0:21:25]} 21. a4 {[%clk 0:32:43]} Re8 {[%clk 0:17:18]} 22. g4
{[%clk 0:30:54]} Kf7 {[%clk 0:16:50]} 23. Nb2 {[%clk 0:26:13]} h5
{[%clk 0:15:48]} 24. h3 {[%clk 0:18:08]} hxg4 {[%clk 0:15:07]} 25. hxg4
{[%clk 0:18:32]} Rh8 {[%clk 0:15:04]} 26. Rcc1 {[%clk 0:14:40]} g5
{[%clk 0:13:10]} 27. Kd3 {[%clk 0:11:56]} Ng6 {[%clk 0:08:17]} 28. Rxh8
{[%clk 0:09:25]} Nxh8 {[%clk 0:08:40]} 29. e4 {[%clk 0:05:21]} Ng6
{[%clk 0:08:11]} 30. Rh1 {[%clk 0:02:18]} Kg7 {[%clk 0:07:38]} 31. Nd1
{[%clk 0:02:22]} Re8 {[%clk 0:05:50]} 32. Nc3 {[%clk 0:02:30]} dxe4+
{[%clk 0:02:35]} 33. Nxe4 {[%clk 0:01:20]} Rd8 {[%clk 0:01:43]} 34. Rc1
{[%clk 0:00:40]} Nxe4 {[%clk 0:00:55]} 35. Kxe4 {[%clk 0:01:01]} Ne7
{[%clk 0:00:47]} 36. f4 {[%clk 0:00:38]} gxf4 {[%clk 0:00:52]} 37. Bxf4
{[%clk 0:00:33]} Rd7 {[%clk 0:00:38]} 38. g5 {[%clk 0:00:38]} fxg5
{[%clk 0:00:37]} 39. Bxg5 {[%clk 0:01:04]} Nd5 {[%clk 0:00:45]} 40. Bd2
{[%clk 0:30:34]} Nf6+ {[%clk 0:30:38]} 41. Kd3 {[%clk 0:29:34]} Rd6
{[%clk 0:28:42]} 42. Bf4 {[%clk 0:25:23]} Re6 {[%clk 0:26:53]} 43. Be5
{[%clk 0:19:40]} a6 {[%clk 0:22:15]} 44. Rf1 {[%clk 0:14:29]} b5 {[%clk 0:15:26]}
45. axb5 {[%clk 0:14:17]} axb5 {[%clk 0:15:33]} 46. Rxf6 {[%clk 0:14:09]} Rxf6
{[%clk 0:15:59]} 47. Ke4 {[%clk 0:14:31]} Kf7 {[%clk 0:16:13]} 48. Bxf6
{[%clk 0:14:51]} Kxf6 {[%clk 0:16:40]} 49. d5 {[%clk 0:15:13]} Ke7
{[%clk 0:16:48]} 50. Ke5 {[%clk 0:12:38]} cxd5 {[%clk 0:17:11]} 51. Kxd5
{[%clk 0:13:00]} Kd7 {[%clk 0:17:37]} 52. Kc5 {[%clk 0:13:21]} Kc7
{[%clk 0:18:01]} 53. Kxb5 {[%clk 0:13:47]} Kb7 {[%clk 0:18:26]} 54. Kc5
{[%clk 0:14:02]} Kc7 {[%clk 0:18:47]} 55. b5 {[%clk 0:14:23]} Kb7
{[%clk 0:19:06]} 56. b6 {[%clk 0:14:47]} Kb8 {[%clk 0:19:24]} 57. Kc6
{[%clk 0:15:11]} Kc8 {[%clk 0:19:45]} 1/2-1/2